02076cam a22003974i 4500003000900000005001700009008004100026020001500067020001800082035002700100040007400127082001700201100003100218245011000249264005200359300004600411336002100457337002500478338002300503490002700526500034100553504004100894505015800935520034101093526000901434526000901443526000801452526000801460526000801468526000801476630004601484630004701530650003401577650003301611650003401644PE-LiUPU20250731175618.0101015s2010 mou rb 000 0 eng  a0758626673 a9780758626677 a(Sirsi) i9780758626677 aDLCbspacDLCdBTCTAdCDXdYDXCPdITCdBTAdDTMdOCLCQdPE-LiUPUerda00a485bN822231 aNordling, John G.,eautor.10aReligion and resistance in early Judaism :breadings in first Maccabees and Josephus /cJohn G. Nordling. aEstados Unidos:bConcordia Pub. House,c©2010. axxiii, 361 páginas ;c23 centímetros. atext2rdacontent aunmediated2rdamedia avolume2rdacarrier1 aConcordia Greek reader a"Religion and resistance in early Judaism prepares advanced students of Greek to read and translate selections from 1 Maccabees and Josephus, with an emphasis on building knowledge of grammar, syntax, and vocabulary. The book also describes the religious and cultural clash between the classical world and early Judaism."--ECIP summary. aBibliografía : páginas xv-xxiii.0 aIntroduction -- Greek text: 1 Maccabees 1:1, 4:61 -- Text notes: 1 Maccabees -- -- Greek text: Josephus selections -- Text notes: Josephus -- Vocabulary. a"Religion and resistance in early Judaism prepares advanced students of Greek to read and translate selections from 1 Maccabees and Josephus, with an emphasis on building knowledge of grammar, syntax, and vocabulary. The book also describes the religious and cultural clash between the classical world and early Judaism."--ECIP summary. aP145 aP127 aP97 aP35 aP14 aP0700aBiblia.pMacabeos, 1raxLenguaje, estilo.00aJosephus, Flavius.tAntiquitates Judaicae. 0aLenguaje griegoxGramática. 0aLenguaje griegoxSintáxis. 0aLenguaje griegoxVocabulario.